[Event "Helsingor Kronborg"]
[Site "Helsingor"]
[Date "2024.05.11"]
[Round "8"]
[White "Borge, Nikolaj"]
[Black "Domalchuk Jonasson, Aleksandr"]
[Result "0-1"]
[WhiteElo "2389"]
[BlackElo "2370"]
[PlyCount "70"]
[EventDate "2024.05.08"]
[EventType "tourn"]
[EventRounds "9"]
[EventCountry "DEN"]
[EventCategory "7"]
[SourceTitle "CB20_2024"]
[SourceDate "2024.05.16"]
[SourceVersion "1"]
[SourceVersionDate "2024.05.16"]
[SourceQuality "1"]

1. e4 e6 2. d4 d5 3. e5 c5 4. c3 Nc6 5. Nf3 Nge7 6. Na3 Bd7 7. Nc2 Qa5 8. Bd2 Qb6 9. Bd3 c4 10. Be2 Qxb2 11. Rb1 Qxa2 12. 0-0 Qa6 13. Bc1 b5 14. Qd2 Qb7 15. Qf4 Ng6 16. Qg3 a5 17. Ng5 Nge7 18. Qf3 Nd8 19. Ne3 h6 20. Qh3 Ng6 21. Nxf7 Nxf7 22. Bh5 Ne7 23. Qf3 g6 24. Bg4 Qc6 25. Qf6 Rg8 26. Ba3 Ng5 27. f3 Nh7 28. Qh4 Nf5 29. Bxf5 exf5 30. e6 Bxe6 31. Rfe1 Bxa3 32. Nxd5 Qxd5 33. Rxe6+ Qxe6 34. Re1 Qxe1+ 35. Qxe1+ Kf7 0-1

[Event "Helsingor Kronborg"]
[Site "Helsingor"]
[Date "2024.05.10"]
[Round "6"]
[White "Kaasen, Tor Fredrik"]
[Black "Domalchuk Jonasson, Aleksandr"]
[Result "1-0"]
[WhiteElo "2451"]
[BlackElo "2370"]
[PlyCount "113"]
[EventDate "2024.05.08"]
[EventType "tourn"]
[EventRounds "9"]
[EventCountry "DEN"]
[EventCategory "7"]
[SourceTitle "CB20_2024"]
[SourceDate "2024.05.16"]
[SourceVersion "1"]
[SourceVersionDate "2024.05.16"]
[SourceQuality "1"]

1. c4 e5 2. Nc3 c5 3. g3 Nc6 4. Bg2 g6 5. a3 a5 6. e3 Bg7 7. Nge2 d6 8. Nd5 Nge7 9. Nec3 Nxd5 10. Nxd5 Ne7 11. Rb1 Be6 12. Nxe7 Qxe7 13. d3 0-0 14. b4 axb4 15. axb4 Rfd8 16. Qb3 Rab8 17. b5 f5 18. Bb2 Qf7 19. 0-0 d5 20. Rfc1 dxc4 21. dxc4 Rd2 22. Qc3 Rbd8 23. Bd5 R8xd5 24. cxd5 Rxd5 25. Rd1 Qd7 26. Qc2 h5 27. Rxd5 Qxd5 28. e4 fxe4 29. Rd1 Qa2 30. Qxe4 Qb3 31. Rd6 Kh7 32. Bxe5 Bf5 33. Qe2 Bg4 34. f3 Bxf3 35. Qd3 Qxd3 36. Rxd3 Bxe5 37. Rxf3 Kg7 38. Kf1 c4 39. Ke2 b6 40. Ke3 Bf6 41. Ke4 c3 42. Kd3 Kf7 43. Re3 g5 44. Re4 g4 45. Rc4 Be7 46. Rc6 c2 47. Kxc2 h4 48. Rxb6 Bc5 49. Rh6 hxg3 50. hxg3 Bf2 51. Rh4 Bxg3 52. Rxg4 Bc7 53. Re4 Kf6 54. Kb3 Be5 55. b6 Kf5 56. Rxe5+ Kxe5 57. b7 1-0

[Event "Titled Tuesday intern op 30th Apr Early"]
[Site "Chess.com INT"]
[Date "2024.04.30"]
[Round "4"]
[White "Hambleton, Aman"]
[Black "Domalchuk Jonasson, Aleksandr"]
[Result "1-0"]
[WhiteElo "2420"]
[BlackElo "2368"]
[PlyCount "69"]
[EventDate "2024.04.30"]
[EventType "swiss (blitz)"]
[EventRounds "11"]
[EventCountry "USA"]
[SourceTitle "CB19_2024"]
[SourceDate "2024.05.08"]
[SourceVersion "1"]
[SourceVersionDate "2024.05.08"]
[SourceQuality "1"]

1. d4 Nf6 2. Bf4 d5 3. e3 g6 4. Nf3 Bg7 5. h3 0-0 6. c3 Nbd7 7. Nbd2 Re8 8. Be2 c5 9. 0-0 b6 10. a4 a5 11. Bb5 Ba6 12. Qe2 Bxb5 13. Qxb5 Nh5 14. Bh2 e5 15. dxe5 Nxe5 16. Bxe5 Bxe5 17. Rad1 Bc7 18. Rfe1 Nf6 19. Nc4 Re4 20. Na3 Qd6 21. Qb3 Rae8 22. Nb5 Qc6 23. Nxc7 Qxc7 24. Qb5 h6 25. Rd2 g5 26. Nh2 d4 27. cxd4 cxd4 28. Nf1 R8e5 29. Qb3 Nd5 30. Red1 dxe3 31. Rxd5 e2 32. Rd8+ Kg7 33. R8d7 exd1Q 34. Qxf7+ Kh8 35. Qg7# 1-0

[Event "Titled Tuesday intern op 16th Apr Late"]
[Site "Chess.com INT"]
[Date "2024.04.16"]
[Round "2"]
[White "Bryakin, Mikhail"]
[Black "Domalchuk Jonasson, Aleksandr"]
[Result "1-0"]
[WhiteElo "2467"]
[BlackElo "2368"]
[PlyCount "55"]
[EventDate "2024.04.16"]
[EventType "swiss (blitz)"]
[EventRounds "11"]
[EventCountry "USA"]
[SourceTitle "CB17_2024"]
[SourceDate "2024.04.24"]
[SourceVersion "1"]
[SourceVersionDate "2024.04.24"]
[SourceQuality "1"]

1. e4 g6 2. d4 Bg7 3. c3 d6 4. Nf3 Nc6 5. Be3 e5 6. Bc4 Nf6 7. dxe5 dxe5 8. Qxd8+ Nxd8 9. Nbd2 0-0 10. h3 Re8 11. 0-0-0 Be6 12. Bxe6 Nxe6 13. g3 a5 14. a4 b6 15. Rhe1 Nd7 16. Kc2 Ndc5 17. b3 Rad8 18. h4 Nd3 19. Rf1 Nec5 20. Ne1 f5 21. Nxd3 Nxd3 22. f3 f4 23. Nc4 fxe3 24. Rxd3 Bh6 25. Nxe3 Rf8 26. Nd5 Rf7 27. Ne7+ Rxe7 28. Rxd8+ 1-0

[Event "Titled Tuesday intern op 27th Feb Late"]
[Site "Chess.com INT"]
[Date "2024.02.27"]
[Round "2"]
[White "Do Valle Cardoso, Lucas"]
[Black "Domalchuk Jonasson, Aleksandr"]
[Result "0-1"]
[WhiteElo "2413"]
[BlackElo "2362"]
[PlyCount "65"]
[EventDate "2024.02.27"]
[EventType "swiss (blitz)"]
[EventRounds "11"]
[EventCountry "USA"]
[SourceTitle "CB10_2024"]
[SourceDate "2024.03.06"]
[SourceVersion "1"]
[SourceVersionDate "2024.03.06"]
[SourceQuality "1"]

1. e4 a6 2. d4 c6 3. c4 d5 4. e5 Bf5 5. Nc3 e6 6. Nge2 Ne7 7. Ng3 Bg6 8. h4 h6 9. h5 Bh7 10. Bd3 Bxd3 11. Qxd3 Nd7 12. b3 c5 13. cxd5 Nxd5 14. Nxd5 exd5 15. Nf5 Qa5+ 16. Bd2 Qb5 17. Qg3 0-0-0 18. a4 Qc6 19. 0-0 g6 20. hxg6 Qxg6 21. Qf3 cxd4 22. Bf4 Qxf5 23. Rac1+ Kb8 24. e6+ Ne5 25. exf7 Bd6 26. Bxe5 Qxe5 27. g3 Rhf8 28. Rfe1 Qg5 29. Kg2 Ka7 30. a5 Rd7 31. Re8 Rdxf7 32. Rcc8 Rxe8 33. Qxd5 0-1

[Event "Titled Tuesday intern op 13th Feb Early"]
[Site "Chess.com INT"]
[Date "2024.02.13"]
[Round "3"]
[White "Dinu, Dumitru Daniel"]
[Black "Domalchuk Jonasson, Aleksandr"]
[Result "1-0"]
[WhiteElo "2190"]
[BlackElo "2362"]
[PlyCount "59"]
[EventDate "2024.02.13"]
[EventType "swiss (blitz)"]
[EventRounds "11"]
[EventCountry "USA"]
[SourceTitle "CB08_2024"]
[SourceDate "2024.02.21"]
[SourceVersion "1"]
[SourceVersionDate "2024.02.21"]
[SourceQuality "1"]

1. e4 a6 2. d4 c6 3. Nf3 d5 4. Nc3 dxe4 5. Nxe4 Nf6 6. Nxf6+ gxf6 7. Bf4 Bg4 8. h3 Bh5 9. c3 Nd7 10. Bd3 e5 11. Be3 Bg6 12. dxe5 fxe5 13. Bc4 Bg7 14. Qd2 e4 15. Nd4 Ne5 16. Be2 Nd3+ 17. Bxd3 exd3 18. 0-0 0-0 19. Rfe1 c5 20. Nf3 c4 21. Bd4 b5 22. Bxg7 Kxg7 23. Re3 Qf6 24. Rae1 a5 25. Ne5 Rfe8 26. Ng4 Qc6 27. Rxe8 Rxe8 28. Qh6+ Kh8 29. Ne5 Qf6 30. Nxg6+ 1-0

[Event "Titled Tuesday intern op 13th Feb Early"]
[Site "Chess.com INT"]
[Date "2024.02.13"]
[Round "2"]
[White "Domalchuk Jonasson, Aleksandr"]
[Black "Demchenko, Anton"]
[Result "0-1"]
[WhiteElo "2362"]
[BlackElo "2609"]
[PlyCount "56"]
[EventDate "2024.02.13"]
[EventType "swiss (blitz)"]
[EventRounds "11"]
[EventCountry "USA"]
[SourceTitle "CB08_2024"]
[SourceDate "2024.02.21"]
[SourceVersion "1"]
[SourceVersionDate "2024.02.21"]
[SourceQuality "1"]

1. d4 Nf6 2. Bg5 g6 3. Bxf6 exf6 4. e3 d5 5. c4 dxc4 6. Bxc4 Bd6 7. Nc3 Nd7 8. Nf3 c6 9. 0-0 0-0 10. a4 Qe7 11. Re1 f5 12. e4 fxe4 13. Rxe4 Qf6 14. Qd2 Nb6 15. Bb3 Bf5 16. Rh4 Rad8 17. a5 Nd5 18. Qh6 Qg7 19. Ng5 Qxh6 20. Rxh6 Bf4 21. h4 Nf6 22. f3 Kg7 23. g3 Be3+ 24. Kg2 Kxh6 25. Nxf7+ Rxf7 26. Bxf7 Kg7 27. Bc4 Rxd4 28. b3 Rd2+ 0-1

[Event "Titled Tuesday intern op 09th Jan Early"]
[Site "Chess.com INT"]
[Date "2024.01.09"]
[Round "9"]
[White "Bardyk, Artem"]
[Black "Domalchuk Jonasson, Aleksandr"]
[Result "1-0"]
[WhiteElo "2206"]
[BlackElo "2362"]
[PlyCount "99"]
[EventDate "2024.01.09"]
[EventType "swiss (blitz)"]
[EventRounds "11"]
[EventCountry "USA"]
[SourceTitle "CB03_2024"]
[SourceDate "2024.01.17"]
[SourceVersion "1"]
[SourceVersionDate "2024.01.17"]
[SourceQuality "1"]

1. e4 c5 2. c3 Nf6 3. e5 Nd5 4. Nf3 Nc6 5. Bc4 Nb6 6. Bb3 c4 7. Bc2 d6 8. exd6 Qxd6 9. 0-0 e5 10. Re1 Bg4 11. h3 Bxf3 12. Qxf3 Be7 13. d3 cxd3 14. Bxd3 0-0 15. Rd1 Qf6 16. Qe2 Rad8 17. Nd2 Nd5 18. Ne4 Qh4 19. Ng3 g6 20. Qe4 f5 21. Qxh4 Bxh4 22. Bc4 Nce7 23. Bh6 Rf6 24. Be3 Bxg3 25. Bc5 Kf8 26. fxg3 Rc8 27. Rxd5 Rfc6 28. Bxe7+ Kxe7 29. Rxe5+ Kf6 30. Rb5 Rxc4 31. Rxb7 a5 32. Re1 a4 33. a3 Re4 34. Rxe4 fxe4 35. Rb4 Ke5 36. Kf2 Rd8 37. Ke2 Rd3 38. Rb5+ Ke6 39. g4 Rg3 40. Kf2 Rd3 41. Ra5 Rd2+ 42. Ke3 Rxg2 43. Rxa4 Rxb2 44. Kxe4 Re2+ 45. Kf4 Rc2 46. c4 Rc3 47. Ra6+ Kf7 48. Ra7+ Ke6 49. Rxh7 Rxa3 50. Kg5 1-0